Score 0/46 Timer 04:00
0 Plays Today
Clue Word % Correct
★ The Empire Strikes ____BACK
96.6%
★ Raiders of the ____ Ark ★LOST
96.4%
Opposite of purchasedSOLD
96.2%
A place for ice skatingRINK
96.2%
★ Han ____SOLO
95.7%
Withdraw from a poker handFOLD
95.7%
Basin in the kitchenSINK
95.7%
Sleek fabricSILK
95.2%
★ The ____ Crusade ★LAST
94.5%
Face covering on HalloweenMASK
94.1%
Sail supporterMAST
92%
★ The Temple of ____DOOM
91.8%
Housing at a collegeDORM
91.7%
Lie out in the sun to tanBASK
91%
Grain storeSILO
91%
★ Our hero's last name ★FORD
89.7%
★ Our hero's last name ★FORD
89.7%
To shape clayFORM
85.2%
Froth atop a beerFOAM
85.1%
Loud noiseBOOM
84.2%
Mark left by a woundSCAR
83.2%
WanderROAM
82%
Simpsons troublemakerBART
81.8%
Clue Word % Correct
PubsBARS
81.2%
Ernie's partnerBERT
77.5%
★ First half of Han's trilogy ★STAR
77.1%
RemainSTAY
76.3%
Hospital roomWARD
76.1%
Unit of languageWORD
75.3%
★ Second half of Han's trilogy ★WARS
74.5%
PlunderLOOT
73.3%
Eye upLOOK
68.7%
KillSLAY
66%
Earthy materialCLAY
65.7%
★ Witness' John ____BOOK
62.3%
TribeCLAN
60.6%
Chestnut-like color (horses)ROAN
60.4%
★ Patriot Games' Jack ____RYAN
51.9%
Blue-green colorCYAN
50.6%
SurveySCAN
47%
StrikeBEAT
44.8%
★ Blade Runner lead character ★RICK
44%
★ Patriot Games co-star forename ★SEAN
31.6%
★ Hoth gunner ★DACK
30.2%
★ Blade Runner author ★DICK
30.1%
★ Patriot Games co-star surname ★BEAN
30%

Today's Daily Dose

Remove Ads.
Support Sporcle.
Get the best of Sporcle when you Go Orange. This ad-free experience offers more features, more stats, and more fun while also helping to support Sporcle. Thank you for becoming a member.

You're not logged in!

Compare scores with friends on all Sporcle quizzes.
OR
Log In

Show Comments

Extras

Top Quizzes Today


Score Distribution

Your Account Isn't Verified!

In order to create a playlist on Sporcle, you need to verify the email address you used during registration. Go to your Sporcle Settings to finish the process.

Report this User

Report this user for behavior that violates our Community Guidelines.

Details: